000 00590nam a22002177a 4500
003 OSt
005 20240226074835.0
008 150218b xxu||||| |||| 00| 0 eng d
020 _a0443072132
040 _cDNLM
082 _aWE 168 D19e 2003
100 _aDandy, David J.; Edwards Dennis J.
_92824
245 _aEssential Orthopedics and Trauma
250 _a4th statement.
260 _aLondon;
_bChurchill Livingstone.
_c2003.
300 _axi, 459 p :
_bcol.ill
_c27 cm.
504 _aincludes index.
650 _aOrthopaedics
_9923
650 _aTrauma
_92825
942 _2z
_cSLOAN
999 _c1045
_d1045